[Event "Sao Paulo ECP op 5th"]
[Site "Sao Paulo"]
[Date "2019.12.01"]
[Round "5"]
[White "Ferreira, Caio Tulio Moreira"]
[Black "Tsuchie, Davi Pinheiro"]
[Result "1-0"]
[WhiteElo "1654"]
[BlackElo "1287"]
[PlyCount "61"]
[EventDate "2019.11.29"]
[EventType "swiss"]
[EventRounds "6"]
[EventCountry "BRA"]
[SourceTitle "CBM 193 Extra"]
[Source "ChessBase"]
[SourceDate "2020.01.31"]
[SourceVersion "1"]
[SourceVersionDate "2020.01.31"]
[SourceQuality "1"]

1. e4 e5 2. Nc3 Nf6 3. f4 exf4 4. e5 Ng8 5. Nf3 d6 6. d4 Nc6 7. Bxf4 Be6 8. d5 dxe5 9. Be3 e4 10. Ng5 Be7 11. Nxe6 fxe6 12. dxc6 bxc6 13. Qxd8+ Rxd8 14. Nxe4 Rd5 15. Bd3 Nf6 16. Nxf6+ Bxf6 17. 0-0 Bxb2 18. Rab1 Bf6 19. Rb8+ Bd8 20. Ra8 Re5 21. Bf4 Ra5 22. Bxc7 Rd5 23. Rxd8+ Rxd8 24. Bxd8 Kxd8 25. Rf7 Re8 26. Rxa7 Re7 27. Rxe7 Kxe7 28. Kf2 h6 29. Ke3 Kf6 30. Ke4 e5 31. a4 1-0

[Event "Sao Paulo op-B U2050 8th"]
[Site "Sao Paulo"]
[Date "2019.10.20"]
[Round "6"]
[White "Ferreira, Caio Tulio Moreira"]
[Black "Jorge, Denrick Cabral Jose"]
[Result "0-1"]
[WhiteElo "1623"]
[BlackElo "1880"]
[PlyCount "32"]
[EventDate "2019.10.17"]
[EventType "swiss"]
[EventRounds "6"]
[EventCountry "BRA"]
[SourceTitle "CBM 192 Extra"]
[Source "Chessbase"]
[SourceDate "2019.11.06"]
[SourceVersion "1"]
[SourceVersionDate "2019.11.06"]
[SourceQuality "1"]

1. e4 c5 2. Nf3 d6 3. d4 cxd4 4. Nxd4 Nf6 5. f3 e5 6. Bb5+ Nbd7 7. Nf5 d5 8. Bg5 Qa5+ 9. Nc3 d4 10. Bxf6 gxf6 11. Nxd4 exd4 12. Qxd4 a6 13. Qxf6 Rg8 14. Bxd7+ Bxd7 15. 0-0-0 Be7 16. Qh6 Bg5+ 0-1

[Event "Sao Paulo op-B U2050 8th"]
[Site "Sao Paulo"]
[Date "2019.10.17"]
[Round "1"]
[White "Da Rosa, Henrique Jaze Simoe"]
[Black "Ferreira, Caio Tulio Moreira"]
[Result "1-0"]
[WhiteElo "1812"]
[BlackElo "1623"]
[PlyCount "111"]
[EventDate "2019.10.17"]
[EventType "swiss"]
[EventRounds "6"]
[EventCountry "BRA"]
[SourceTitle "CBM 192 Extra"]
[Source "Chessbase"]
[SourceDate "2019.11.06"]
[SourceVersion "1"]
[SourceVersionDate "2019.11.06"]
[SourceQuality "1"]

1. Nf3 c5 2. c4 Nf6 3. g3 d5 4. cxd5 Nxd5 5. Bg2 Nc6 6. d4 cxd4 7. Nxd4 Nxd4 8. Qxd4 e6 9. 0-0 Qb6 10. Qxb6 Nxb6 11. Nc3 Be7 12. Bf4 a6 13. Rfd1 0-0 14. Bc7 Nd7 15. Rac1 Ra7 16. Ne4 b5 17. Bd6 Nb6 18. Bxe7 Rxe7 19. Nd6 Rd7 20. Bc6 Rdd8 21. Kg2 Nd5 22. Nxc8 Rxc8 23. Bxd5 Rxc1 24. Rxc1 exd5 25. Rc6 Ra8 26. Rd6 g6 27. Rxd5 Rc8 28. Rd2 Kg7 29. Kf3 Rc6 30. Ke4 Kf6 31. f4 Ke7 32. Kf3 f5 33. e4 fxe4+ 34. Kxe4 Re6+ 35. Kf3 Rf6 36. g4 Rc6 37. h4 h6 38. Rh2 Rd6 39. h5 Rd3+ 40. Ke4 Rd6 41. hxg6 Rxg6 42. Kf3 Rc6 43. g5 hxg5 44. fxg5 Rg6 45. Kf4 Kf7 46. Kf5 Kg7 47. Rh6 Rxh6 48. gxh6+ Kxh6 49. Ke5 Kg5 50. Kd5 Kf4 51. Kc5 Ke4 52. Kb6 Kd3 53. Kxa6 Kc4 54. Ka5 b4 55. Ka4 Kc5 56. b3 1-0

[Event "Sao Paulo Karman Cup"]
[Site "Sao Paulo"]
[Date "2019.08.18"]
[Round "5"]
[White "Ferreira, Caio Tulio Moreira"]
[Black "Ferreira Brandet, Rodrigo Maycon Mira"]
[Result "0-1"]
[WhiteElo "1642"]
[BlackElo "1864"]
[PlyCount "60"]
[EventDate "2019.08.16"]
[EventType "swiss"]
[EventRounds "6"]
[EventCountry "BRA"]
[SourceTitle "EXT 2021"]
[Source "ChessBase"]
[SourceDate "2020.10.23"]
[SourceVersion "1"]
[SourceVersionDate "2020.10.23"]
[SourceQuality "1"]

1. e4 e5 2. Nc3 Nc6 3. f4 exf4 4. Nf3 g5 5. Bc4 g4 6. 0-0 gxf3 7. Qxf3 Qg5 8. d3 Ne5 9. Qf2 Nxc4 10. Bxf4 Qh5 11. dxc4 Bc5 12. Be3 Bxe3 13. Qxe3 c6 14. Qd4 f6 15. e5 Kd8 16. exf6 Nh6 17. f7 Rf8 18. Qf6+ Kc7 19. Qf4+ d6 20. Ne4 Nxf7 21. b4 Qg4 22. Qe3 Bd7 23. Nf6 Qxc4 24. Rae1 Ne5 25. Rf4 Qxc2 26. Rc1 Qd3 27. Qf2 Ng4 28. Nxg4 Bxg4 29. Rxf8 Rxf8 30. Qxf8 Qe3+ 0-1

[Event "Registro op 10th"]
[Site "Registro"]
[Date "2019.08.04"]
[Round "6"]
[White "Cabeca, Renato Aparecido Da"]
[Black "Ferreira, Caio Tulio Moreira"]
[Result "1/2-1/2"]
[WhiteElo "1572"]
[BlackElo "1642"]
[PlyCount "142"]
[EventDate "2019.08.01"]
[EventType "swiss"]
[EventRounds "7"]
[EventCountry "BRA"]
[SourceTitle "EXT 2020"]
[Source "ChessBase"]
[SourceDate "2019.10.17"]
[SourceVersion "1"]
[SourceVersionDate "2019.10.17"]
[SourceQuality "1"]

1. e4 c5 2. Nf3 d6 3. d4 cxd4 4. Nxd4 Nf6 5. Nc3 g6 6. f3 Bg7 7. Be3 0-0 8. Qd2 Nc6 9. 0-0-0 d5 10. exd5 Nxd5 11. Nxd5 Qxd5 12. Nxc6 Qxc6 13. Qd5 Qxd5 14. Rxd5 Be6 15. Rd1 Rfc8 16. Kb1 a6 17. Bd3 Bd5 18. Be2 e6 19. g4 b5 20. h4 h6 21. Rhg1 b4 22. f4 Kh7 23. h5 gxh5 24. gxh5 Be4 25. Bd3 Bxd3 26. Rxd3 Rd8 27. Rgd1 Rxd3 28. Rxd3 Bf6 29. a3 bxa3 30. Rxa3 Rb8 31. b3 Rb5 32. Rxa6 Rxh5 33. c4 Rh3 34. Bd2 Rxb3+ 35. Kc2 Rb8 36. c5 Bd4 37. c6 Rc8 38. Kd3 Bf6 39. Kc4 h5 40. Be3 h4 41. Kc5 h3 42. Ra2 Kg6 43. Rh2 e5 44. Rxh3 exf4 45. Bxf4 Kf5 46. Bd2 Bd8 47. Rf3+ Kg6 48. Bh6 f5 49. Kd6 Ba5 50. Kd7 Rd8+ 51. Ke7 Rc8 52. Kd6 Rd8+ 53. Kc5 Rc8 54. Kb5 Bd8 55. Rd3 Kf6 56. Bf4 Kg6 57. Rd4 Kh5 58. Rc4 Bc7 59. Bxc7 Rxc7 60. Kb6 Rc8 61. Kb7 Rf8 62. c7 Kg5 63. Rd4 Rf7 64. Kc6 Rxc7+ 65. Kxc7 f4 66. Kd6 f3 67. Rd1 Kf4 68. Kd5 Ke3 69. Ra1 f2 70. Ke5 Kf3 71. Kd4 Kg2 1/2-1/2

[Event "American Continental 15th"]
[Site "Sao Paulo"]
[Date "2019.07.10"]
[Round "8"]
[White "Ferreira, Caio Tulio Moreira"]
[Black "Borensztajn, David"]
[Result "1-0"]
[WhiteElo "1579"]
[BlackElo "1777"]
[PlyCount "83"]
[EventDate "2019.07.05"]
[EventType "swiss"]
[EventRounds "11"]
[EventCountry "BRA"]
[SourceTitle "CBM 191 Extra"]
[Source "ChessBase"]
[SourceDate "2019.09.30"]
[SourceVersion "1"]
[SourceVersionDate "2019.09.30"]
[SourceQuality "1"]

1. e4 c5 2. Nf3 g6 3. d4 cxd4 4. Nxd4 Bg7 5. Be3 Nc6 6. c4 Nf6 7. f3 0-0 8. Nc3 a6 9. Qd2 Nxd4 10. Bxd4 d6 11. Be2 Be6 12. 0-0 Rc8 13. b3 Bd7 14. Rac1 Qa5 15. Rfd1 Qh5 16. g4 Bxg4 17. fxg4 Nxg4 18. Bxg4 Qxg4+ 19. Qg2 Bxd4+ 20. Rxd4 Qf4 21. Rdd1 Qe3+ 22. Qf2 Qg5+ 23. Qg3 Qc5+ 24. Kg2 f5 25. exf5 Rxf5 26. h4 b5 27. Nd5 Qa7 28. Qe3 Qa8 29. Kg1 Re5 30. Qd4 Qb7 31. c5 Qd7 32. Nb6 Qh3 33. Rd3 Qe6 34. Nxc8 Re1+ 35. Rxe1 Qxe1+ 36. Kg2 Qe2+ 37. Kg3 Qe1+ 38. Qf2 Qe5+ 39. Kg2 d5 40. Re3 Qc7 41. Nxe7+ Qxe7 42. Rxe7 1-0

[Event "American Continental 15th"]
[Site "Sao Paulo"]
[Date "2019.07.07"]
[Round "4"]
[White "Ferreira, Caio Tulio Moreira"]
[Black "Montero Martinez, Cristian"]
[Result "0-1"]
[WhiteElo "1579"]
[BlackElo "1991"]
[PlyCount "115"]
[EventDate "2019.07.05"]
[EventType "swiss"]
[EventRounds "11"]
[EventCountry "BRA"]
[SourceTitle "CBM 191 Extra"]
[Source "ChessBase"]
[SourceDate "2019.09.30"]
[SourceVersion "1"]
[SourceVersionDate "2019.09.30"]
[SourceQuality "1"]

1. e4 c5 2. Nf3 d6 3. d4 cxd4 4. Nxd4 Nf6 5. f3 g6 6. c4 Bg7 7. Nc3 0-0 8. Be3 Nc6 9. Qd2 Bd7 10. Be2 Rc8 11. 0-0 a6 12. Rac1 Re8 13. Rfd1 Ne5 14. b3 Qa5 15. Bf1 Nc6 16. Qf2 Nxd4 17. Bxd4 b5 18. Bb6 Qb4 19. Nd5 Nxd5 20. cxd5 Qa3 21. Rxc8 Rxc8 22. Bd4 Rc1 23. Rxc1 Qxc1 24. Bxg7 Kxg7 25. Qa7 g5 26. h3 Qc5+ 27. Qxc5 dxc5 28. Kf2 e6 29. dxe6 Bxe6 30. Ke3 h5 31. f4 f6 32. f5 Bd7 33. g4 hxg4 34. hxg4 Bc6 35. Be2 Kf8 36. Bf3 a5 37. Kd3 Ke7 38. Ke3 Bd7 39. Be2 Kd6 40. Bf3 Ke5 41. Be2 Bc6 42. Bf3 b4 43. Bg2 Bb5 44. Bf3 c4 45. Bd1 cxb3 46. Bxb3 Bc6 47. Bc2 a4 48. Bb1 Bd7 49. Bc2 Be8 50. Bb1 Bf7 51. Kd3 a3 52. Kc2 Kxe4 53. Kd2+ Kd4 54. Kc2 Bd5 55. Kd2 Bf3 56. Kc2 Bxg4 57. Kb3 Kc5 58. Be4 0-1

[Event "Sao Paulo Haroldo Salles op"]
[Site "Sao Paulo"]
[Date "2019.05.09"]
[Round "2.15"]
[White "Ferreira, Caio Tulio Moreira"]
[Black "Ferreira, Wagner Maria Gangin"]
[Result "1-0"]
[WhiteElo "1548"]
[BlackElo "1206"]
[PlyCount "106"]
[EventDate "2019.05.09"]
[EventType "swiss"]
[EventRounds "6"]
[EventCountry "BRA"]
[SourceTitle "EXT 2022"]
[Source "ChessBase"]
[SourceDate "2021.10.06"]
[SourceVersion "1"]
[SourceVersionDate "2021.10.06"]
[SourceQuality "1"]

1. e4 c5 2. Nf3 d6 3. d4 cxd4 4. Nxd4 Nc6 5. c4 Nf6 6. Nc3 e6 7. f3 h6 8. Be3 Be7 9. Qd2 Nh7 10. Be2 e5 11. Nc2 Be6 12. 0-0 0-0 13. b3 Bg5 14. f4 exf4 15. Bxf4 Bxf4 16. Qxf4 a6 17. Rad1 Qg5 18. Qxg5 Nxg5 19. Rxd6 Rad8 20. Rfd1 Rxd6 21. Rxd6 Rd8 22. Rxd8+ Nxd8 23. Nd4 g6 24. h4 Nh7 25. Nd5 Bxd5 26. exd5 Nf6 27. Bf3 h5 28. b4 Kf8 29. b5 axb5 30. Nxb5 Nd7 31. Nc3 Nc5 32. g4 hxg4 33. Bxg4 f5 34. Bf3 Ke7 35. Kf2 Nf7 36. Ke3 Ne5 37. Be2 Ncd7 38. Nb5 Nb6 39. d6+ Kd7 40. c5 Nc8 41. Bf3 Nxf3 42. Kxf3 Kc6 43. Kf4 b6 44. cxb6 Nxb6 45. a4 Nxa4 46. Kg5 Nc5 47. Nd4+ Kxd6 48. Kxg6 f4 49. h5 Ne6 50. h6 Ke7 51. Nxe6 f3 52. h7 f2 53. h8Q f1Q 1-0

[Event "Sao Paulo-chT"]
[Site "Sao Paulo"]
[Date "2019.02.24"]
[Round "3.2"]
[White "Cipolli, Antonio Carlos Rodr"]
[Black "Ferreira, Caio Tulio Moreira"]
[Result "1-0"]
[WhiteElo "2110"]
[BlackElo "1548"]
[PlyCount "83"]
[EventDate "2019.02.23"]
[EventType "team-tourn"]
[EventRounds "7"]
[EventCountry "BRA"]
[SourceTitle "CBM 189 Extra"]
[Source "ChessBase"]
[SourceDate "2019.06.03"]
[SourceVersion "1"]
[SourceVersionDate "2019.06.03"]
[SourceQuality "1"]
[WhiteTeam "Sao Jose Taimanov"]
[BlackTeam "Sao Jose Medicina"]
[WhiteTeamCountry "BRA"]
[BlackTeamCountry "BRA"]

1. e4 c5 2. Nf3 d6 3. d4 cxd4 4. Nxd4 Nf6 5. Nc3 g6 6. Be3 Bg7 7. f3 0-0 8. Qd2 Nc6 9. 0-0-0 d5 10. exd5 Nxd5 11. Nxc6 bxc6 12. Bd4 e5 13. Bc5 Re8 14. Nxd5 cxd5 15. Qxd5 Qg5+ 16. Kb1 Be6 17. Qe4 Rac8 18. Be3 Qe7 19. Qa4 Qc7 20. Bb5 Red8 21. Rxd8+ Rxd8 22. Qxa7 Qxa7 23. Bxa7 Ra8 24. Be3 Bxa2+ 25. Kc1 Bc4 26. Bxc4 Ra1+ 27. Kd2 Rxh1 28. b4 Rxh2 29. b5 Rxg2+ 30. Kd3 Bf8 31. b6 Bd6 32. Bb3 Rg3 33. Bd5 Rg2 34. c4 Ra2 35. c5 Ra3+ 36. Kc4 Bb8 37. c6 Ra4+ 38. Kb3 Ra5 39. c7 Rb5+ 40. Ka4 Rxb6 41. c8Q+ Kg7 42. Bxb6 1-0

[Event "Sao Bernardo do Campo op"]
[Site "Sao Bernardo do Campo"]
[Date "2018.12.08"]
[Round "2"]
[White "Gerbelli Neto, Eduardo"]
[Black "Ferreira, Caio Tulio Moreira"]
[Result "1-0"]
[WhiteElo "2124"]
[BlackElo "1520"]
[PlyCount "65"]
[EventDate "2018.12.07"]
[EventType "swiss"]
[EventRounds "5"]
[EventCountry "BRA"]
[SourceTitle "EXT 2021"]
[Source "ChessBase"]
[SourceDate "2020.10.23"]
[SourceVersion "1"]
[SourceVersionDate "2020.10.23"]
[SourceQuality "1"]

1. e4 c5 2. Nc3 Nc6 3. f4 g6 4. Nf3 Bg7 5. Bc4 e6 6. d3 Nge7 7. Bb3 0-0 8. 0-0 d5 9. e5 Nf5 10. Ne2 b5 11. c3 d4 12. Ng3 Nxg3 13. hxg3 dxc3 14. bxc3 b4 15. Be3 Qe7 16. Rc1 Rd8 17. cxb4 Nxb4 18. Bxc5 Qb7 19. d4 Bf8 20. Qd2 Bxc5 21. Rxc5 Na6 22. Rc3 Qb6 23. g4 Bb7 24. Rd1 Rac8 25. Rxc8 Rxc8 26. f5 exf5 27. gxf5 gxf5 28. Ng5 Rc7 29. Nxf7 Rxf7 30. e6 Re7 31. Qg5+ Kf8 32. Qf6+ Kg8 33. Qxe7 1-0

[Event "Sao Bernardo do Campo op"]
[Site "Sao Bernardo do Campo"]
[Date "2018.12.08"]
[Round "3"]
[White "Vicentin, Marcos Tadeu"]
[Black "Ferreira, Caio Tulio Moreira"]
[Result "1-0"]
[WhiteElo "1979"]
[BlackElo "1520"]
[PlyCount "51"]
[EventDate "2018.12.07"]
[EventType "swiss"]
[EventRounds "5"]
[EventCountry "BRA"]
[SourceTitle "EXT 2021"]
[Source "ChessBase"]
[SourceDate "2020.10.23"]
[SourceVersion "1"]
[SourceVersionDate "2020.10.23"]
[SourceQuality "1"]

1. e4 c5 2. Ne2 d6 3. g3 Nf6 4. Bg2 g6 5. 0-0 Bg7 6. c3 0-0 7. d4 e5 8. h3 Nc6 9. Be3 b6 10. Nd2 Bd7 11. Rc1 Qc8 12. Kh2 Ne7 13. f4 Nh5 14. Nf3 exf4 15. Nxf4 Bh6 16. Nd5 Nxd5 17. Bxh6 Ne7 18. Bxf8 Kxf8 19. Ng5 f6 20. g4 Kg7 21. Nxh7 Kxh7 22. gxh5 Kg7 23. Qf3 Qf8 24. e5 Bc6 25. Qxf6+ Qxf6 26. exf6+ 1-0

[Event "Sao Bernardo do Campo LXSBC"]
[Site "Sao Bernardo do Campo"]
[Date "2018.11.23"]
[Round "2.4"]
[White "Ferreira, Caio Tulio Moreira"]
[Black "Jenidarchiche, Douglas Rodrigo"]
[Result "1/2-1/2"]
[WhiteElo "1539"]
[BlackElo "1847"]
[PlyCount "160"]
[EventDate "2018.11.23"]
[EventType "swiss"]
[EventRounds "5"]
[EventCountry "BRA"]
[SourceTitle "EXT 2022"]
[Source "ChessBase"]
[SourceDate "2021.10.06"]
[SourceVersion "1"]
[SourceVersionDate "2021.10.06"]
[SourceQuality "1"]

1. e4 c5 2. Nf3 Nc6 3. d4 cxd4 4. Nxd4 g6 5. Be3 Bg7 6. c4 Nf6 7. f3 d6 8. Qd2 Nxd4 9. Bxd4 0-0 10. Nc3 Bd7 11. Be2 Bc6 12. 0-0 Nd7 13. Bxg7 Kxg7 14. Rac1 a5 15. a4 Qb6+ 16. Kh1 Nc5 17. Bd1 Rac8 18. Nd5 Bxd5 19. exd5 Rc7 20. Rb1 Na6 21. b3 Qb4 22. Qxb4 Nxb4 23. Be2 f5 24. f4 Na6 25. Bd3 Nc5 26. Bc2 Ra8 27. h3 h5 28. Rf3 Rcc8 29. Re1 Kf6 30. Rfe3 Re8 31. Kg1 Ra6 32. Kf2 Rb6 33. Kf3 h4 34. Kf2 e6 35. g3 hxg3+ 36. Kxg3 Re7 37. dxe6 Rxe6 38. Rxe6+ Nxe6 39. Rd1 Rc6 40. Rd5 Nc5 41. Rd1 Rb6 42. Rb1 Na6 43. Rb2 Nb4 44. Bb1 d5 45. cxd5 Nxd5 46. Bd3 Rb4 47. Bc4 Nb6 48. Bb5 Re4 49. Rd2 Ke6 50. Kf3 Re1 51. Re2+ Rxe2 52. Kxe2 Kd6 53. Be8 Nd5 54. Kf3 Ne7 55. h4 Kc5 56. h5 gxh5 57. Bxh5 Kd4 58. Bf7 Kd3 59. Be6 b6 60. Bd7 Kd2 61. Be6 Kc2 62. Ke3 Kc3 63. Kf3 Kd4 64. Bd7 Kc5 65. Be6 Kd6 66. Bf7 Nd5 67. Bxd5 Kxd5 68. Ke3 Kc5 69. Kd3 Kb4 70. Kc2 b5 71. axb5 Kxb5 72. Kc3 Kc5 73. Kd3 Kd5 74. Ke3 Kc5 75. Kd3 Kb4 76. Kc2 Kb5 77. Kd3 Kc5 78. Kc3 Kd5 79. Kd3 Kc5 80. Kc3 Kd5 1/2-1/2

[Event "Paulista-ch"]
[Site "Sao Paulo"]
[Date "2018.11.11"]
[Round "6"]
[White "Ferreira, Caio Tulio Moreira"]
[Black "Braz, Lucas Erick Lopes"]
[Result "1/2-1/2"]
[WhiteElo "1539"]
[BlackElo "1695"]
[PlyCount "62"]
[EventDate "2018.11.09"]
[EventType "swiss"]
[EventRounds "6"]
[EventCountry "BRA"]
[SourceTitle "CBM 187 Extra"]
[Source "ChessBase"]
[SourceDate "2018.11.04"]
[SourceVersion "1"]
[SourceVersionDate "2018.11.04"]
[SourceQuality "1"]

1. e4 e6 2. d4 d5 3. Nd2 c5 4. exd5 exd5 5. Ngf3 Nf6 6. dxc5 Bxc5 7. Nb3 Bb6 8. c3 0-0 9. Be2 Bg4 10. 0-0 Nc6 11. Bg5 Re8 12. Re1 Bxf3 13. Bxf3 Qd6 14. Bxf6 Bc7 15. g3 Qxf6 16. Qxd5 Bb6 17. Rxe8+ Rxe8 18. Rf1 Re5 19. Qd1 Rf5 20. Kg2 Ne5 21. Nd2 Nxf3 22. Nxf3 Qc6 23. Qd3 Rf6 24. Re1 g6 25. Qe4 Qc5 26. Qe3 Qd5 27. Qe4 Qxa2 28. Qh4 Kg7 29. Re2 Qd5 30. Qe4 Qd7 31. Qe7 Qd3 1/2-1/2

[Event "Paulista-ch"]
[Site "Sao Paulo"]
[Date "2018.11.09"]
[Round "2"]
[White "Ferreira, Caio Tulio Moreira"]
[Black "De Sousa, Rafaela Oliveira"]
[Result "1-0"]
[WhiteElo "1539"]
[BlackElo "1149"]
[PlyCount "43"]
[EventDate "2018.11.09"]
[EventType "swiss"]
[EventRounds "6"]
[EventCountry "BRA"]
[SourceTitle "CBM 187 Extra"]
[Source "ChessBase"]
[SourceDate "2018.11.04"]
[SourceVersion "1"]
[SourceVersionDate "2018.11.04"]
[SourceQuality "1"]

1. Nf3 d6 2. e4 e5 3. d4 exd4 4. Nxd4 Nf6 5. Nc3 g6 6. Bg5 Bg7 7. Qf3 Nbd7 8. 0-0-0 0-0 9. h4 h6 10. Be3 Ne5 11. Qe2 c5 12. Ndb5 Ne8 13. Bxc5 a6 14. Nxd6 Nxd6 15. Bxd6 Re8 16. Bxe5 Bxe5 17. Rxd8 Rxd8 18. Qf3 Rf8 19. Bc4 Be6 20. Bxe6 fxe6 21. Qg4 Rae8 22. Qxg6+ 1-0

[Event "Sao Paulo op-B U2050 7th"]
[Site "Sao Paulo"]
[Date "2018.03.31"]
[Round "3"]
[White "Ferreira, Caio Tulio Moreira"]
[Black "Reis, Virginia Lagrange M"]
[Result "0-1"]
[WhiteElo "1557"]
[BlackElo "1743"]
[PlyCount "108"]
[EventDate "2018.03.30"]
[EventType "swiss"]
[EventRounds "6"]
[EventCountry "BRA"]
[SourceTitle "EXT 2021"]
[Source "ChessBase"]
[SourceDate "2020.10.23"]
[SourceVersion "1"]
[SourceVersionDate "2020.10.23"]
[SourceQuality "1"]

1. e4 c5 2. Nf3 g6 3. d4 cxd4 4. Nxd4 Bg7 5. c4 Nc6 6. Nxc6 bxc6 7. Qc2 Qa5+ 8. Bd2 Qb6 9. Nc3 d6 10. Be2 Nf6 11. 0-0 a5 12. Rac1 0-0 13. Kh1 Bd7 14. Be3 Qc7 15. Qd2 Rfb8 16. b3 c5 17. Bh6 a4 18. Bxg7 Kxg7 19. bxa4 Bxa4 20. Bf3 e5 21. Nxa4 Rxa4 22. Rfd1 Ne8 23. Rc2 Qa5 24. Ra1 Rab4 25. g3 Qa3 26. Qc3 Qxc3 27. Rxc3 Rb2 28. Kg2 Ra8 29. a3 Ra7 30. Bd1 Kf6 31. Rc2 Rb6 32. Rca2 Nc7 33. a4 Ne6 34. a5 Rb4 35. a6 Ra8 36. Ra5 Rb6 37. a7 Rb7 38. R1a2 Nd4 39. Ra6 Ke7 40. f4 f6 41. f5 Rc7 42. fxg6 hxg6 43. h4 Nc6 44. g4 Nb4 45. h5 Nxa2 46. Rxa2 Rcxa7 47. Rxa7+ Rxa7 48. hxg6 Kf8 49. g5 fxg5 50. Bg4 Kg7 51. Bf5 Ra4 52. Be6 Kxg6 53. Kg3 Ra1 54. Kg4 Rf1 0-1

[Event "Sao Paulo op-B U2050 7th"]
[Site "Sao Paulo"]
[Date "2018.03.30"]
[Round "1"]
[White "Ferreira, Caio Tulio Moreira"]
[Black "Cordioli, Jairo Ribeiro"]
[Result "0-1"]
[WhiteElo "1557"]
[BlackElo "1875"]
[PlyCount "95"]
[EventDate "2018.03.30"]
[EventType "swiss"]
[EventRounds "6"]
[EventCountry "BRA"]
[SourceTitle "EXT 2021"]
[Source "ChessBase"]
[SourceDate "2020.10.23"]
[SourceVersion "1"]
[SourceVersionDate "2020.10.23"]
[SourceQuality "1"]

1. e4 c5 2. Nf3 d6 3. d4 cxd4 4. Nxd4 Nf6 5. f3 Nc6 6. c4 g6 7. Nc3 Bg7 8. Be3 0-0 9. Qd2 Nxd4 10. Bxd4 Be6 11. Be2 b6 12. 0-0 Rc8 13. b3 Qc7 14. Rac1 Qb7 15. Rfd1 Rfd8 16. Be3 Nd7 17. Bh6 Ne5 18. Bxg7 Kxg7 19. Nd5 Bxd5 20. exd5 Qc7 21. Qd4 Qc5 22. f4 Qxd4+ 23. Rxd4 Nd7 24. Rf1 b5 25. f5 bxc4 26. bxc4 Ne5 27. fxg6 hxg6 28. Rb1 Rb8 29. Rb3 Rxb3 30. axb3 Rb8 31. Bd1 a5 32. Kf1 Rb4 33. Rd2 a4 34. bxa4 Nxc4 35. Re2 Kf6 36. Kf2 Nb2 37. Bc2 Nxa4 38. Be4 Nc5 39. Bf3 Nd3+ 40. Kg3 Ne5 41. Re4 Rb3 42. h4 Rd3 43. Kf2 Nxf3 44. gxf3 Rxd5 45. Ke3 Re5 46. f4 Rxe4+ 47. Kxe4 e6 48. Kf3 0-1

[Event "Hebraica op 25th"]
[Site "Hebraica"]
[Date "2018.01.13"]
[Round "4"]
[White "Ferreira, Caio Tulio Moreira"]
[Black "Nobre, Jose Adalberto Barb"]
[Result "0-1"]
[WhiteElo "1556"]
[BlackElo "1669"]
[PlyCount "74"]
[EventDate "2018.01.12"]
[EventType "swiss"]
[EventRounds "6"]
[EventCountry "BRA"]
[SourceTitle "CBM 182 Extra"]
[Source "ChessBase"]
[SourceDate "2018.02.23"]
[SourceVersion "1"]
[SourceVersionDate "2018.02.23"]
[SourceQuality "1"]

1. e4 c5 2. Nf3 g6 3. d4 cxd4 4. Nxd4 Nc6 5. Be3 Bg7 6. c4 Nf6 7. Nc3 0-0 8. Qd2 Ng4 9. Nxc6 bxc6 10. Bd4 Bh6 11. Qd1 d6 12. f3 Nf6 13. Be2 e5 14. Bf2 Nh5 15. 0-0 Nf4 16. Kh1 Bg7 17. Qd2 Ne6 18. Rad1 Nd4 19. Bd3 h5 20. Ne2 a5 21. Nxd4 exd4 22. Be2 c5 23. a3 a4 24. Bd3 Bd7 25. Bg3 Be5 26. f4 h4 27. Be1 Bf6 28. g3 Bh3 29. Rg1 Rb8 30. Qf2 Bg4 31. Rb1 Rb3 32. Bc2 Rf3 33. Qd2 hxg3 34. Bxg3 Re3 35. Bf2 Re2 36. Qd1 Bf3+ 37. Rg2 Rxf2 0-1

[Event "Hebraica op 25th"]
[Site "Hebraica"]
[Date "2018.01.12"]
[Round "2"]
[White "Ferreira, Caio Tulio Moreira"]
[Black "Chin Li, Victor Hva"]
[Result "1/2-1/2"]
[WhiteElo "1556"]
[BlackElo "1938"]
[PlyCount "162"]
[EventDate "2018.01.12"]
[EventType "swiss"]
[EventRounds "6"]
[EventCountry "BRA"]
[SourceTitle "CBM 182 Extra"]
[Source "ChessBase"]
[SourceDate "2018.02.23"]
[SourceVersion "1"]
[SourceVersionDate "2018.02.23"]
[SourceQuality "1"]

1. e4 e6 2. d4 d5 3. Nd2 Nf6 4. e5 Nfd7 5. Bd3 c5 6. c3 Nc6 7. Ne2 Qb6 8. Nf3 a5 9. 0-0 a4 10. a3 Be7 11. Rb1 h6 12. Be3 c4 13. Bc2 Qa7 14. Kh1 b5 15. Nfg1 Bb7 16. f4 0-0-0 17. f5 Ndxe5 18. fxe6 fxe6 19. Nf4 Rd6 20. Qe2 Nd7 21. Ng6 Re8 22. Ne5 Nd8 23. Nh3 Ra6 24. Ng6 Bf6 25. Nhf4 Kb8 26. Nh5 Qb6 27. Nxf6 gxf6 28. Bxh6 e5 29. Bf5 Qd6 30. Rbe1 Rg8 31. dxe5 fxe5 32. Bxd7 Rxg6 33. Bxb5 Rxh6 34. Bxa6 e4 35. h3 Bxa6 36. Rd1 Bb7 37. Qe3 Rg6 38. Rf4 Qb6 39. Qe2 Ne6 40. Rff1 d4 41. cxd4 Nxd4 42. Qxc4 Qxb2 43. Rf8+ Ka7 44. Qxa4+ Ra6 45. Qxd4+ Qxd4 46. Rxd4 Rxa3 47. Rd1 Ba6 48. Re1 Bd3 49. Re8 Ra4 50. Kh2 Kb6 51. Kg3 Kc5 52. Kf4 Kd5 53. Re5+ Kd6 54. Re8 Kd5 55. g4 Ra3 56. Re3 Ra1 57. g5 Rf1+ 58. Kg4 Kd4 59. Rg3 Be2+ 60. Kh4 Rf4+ 61. Rg4 Bxg4 62. hxg4 e3 63. g6 Re4 64. Rxe4+ Kxe4 65. g7 e2 66. g8Q e1Q+ 67. Kh5 Qh1+ 68. Kg6 Kf4 69. Qc4+ Kg3 70. g5 Qb1+ 71. Kf6 Qb6+ 72. Qe6 Qf2+ 73. Kg7 Qd4+ 74. Qf6 Qd7+ 75. Qf7 Qd4+ 76. Kh6 Qh4+ 77. Qh5 Qf4 78. Kg7 Qd4+ 79. Kg8 Qd5+ 80. Kh7 Qf5+ 81. Qg6 Qh3+ 1/2-1/2